Music Quiz

Random Music or Rock Quiz

Foo Fighters Members Quiz Stats

 Plays Quiz not verified by Sporcle

Score 0/7 Timer 02:00
0 Plays Today
Instruments Name % Correct
Rhythm Guitar, VocalsDave Grohl
100%
Drums, Backing VocalsTaylor Hawkins
96.2%
Rhythm GuitarPat Smear
95.7%
BassNate Mendel
89.2%
Lead GuitarChris Shiflett
74.1%
DrumsWilliam Goldsmith
62.7%
Lead GuitarFranz Stahl
51.9%

You're not logged in!

Compare scores with friends on all Sporcle quizzes.
OR
Log In

Show Comments

Extras

Top Quizzes Today


Score Distribution

Your Account Isn't Verified!

In order to create a playlist on Sporcle, you need to verify the email address you used during registration. Go to your Sporcle Settings to finish the process.

Report this User

Report this user for behavior that violates our Community Guidelines.

Details: